logo

Bir Sreshtho Munshi Abdur Rouf Library
Jhenaidah Cadet College

Bob Woolmer's art and science of cricket / (Record no. 9910)

MARC details
000 -LEADER
fixed length control field 01206cam a22003494a 4500
001 - CONTROL NUMBER
JCCL Control Number 9910
003 - CONTROL NUMBER IDENTIFIER
JCCL marc code BD-JhCC
005 - DATE AND TIME OF LATEST TRANSACTION
control field 20180403121445.0
008 - FIXED-LENGTH DATA ELEMENTS--GENERAL INFORMATION
fixed length control field 180403s2008 sa a b 001 0 eng c
020 ## - INTERNATIONAL STANDARD BOOK NUMBER
International Standard Book Number 9781770076587 (hbk.)
020 ## - INTERNATIONAL STANDARD BOOK NUMBER
International Standard Book Number 1770076581 (hbk.)
020 ## - INTERNATIONAL STANDARD BOOK NUMBER
International Standard Book Number 9781770076679 (slipcase)
020 ## - INTERNATIONAL STANDARD BOOK NUMBER
International Standard Book Number 1770076670 (slipcase)
020 ## - INTERNATIONAL STANDARD BOOK NUMBER
International Standard Book Number 9781770076662 (leatherbound)
020 ## - INTERNATIONAL STANDARD BOOK NUMBER
International Standard Book Number 1770076662 (leatherbound)
035 ## - SYSTEM CONTROL NUMBER
system control number (OCoLC)ocn227277885
-- (BD-JhCC)9910
040 ## - CATALOGING SOURCE
Original cataloging agency UKM
Transcribing agency UKM
Modifying agency BTCTA
-- OCLCG
-- YDXCP
-- TXA
-- DLC
-- BD-JhCC
041 ## - LANGUAGE CODE
Language code of Book eng
050 00 - LIBRARY OF CONGRESS CALL NUMBER
Classification number GV926
Item number .W66 2008
082 ## - DEWEY DECIMAL CLASSIFICATION NUMBER
Author mark and Year WOO 2008
Classification number 796.358
100 1# - MAIN ENTRY--PERSONAL NAME
Personal name Woolmer, Bob,
Dates associated with a name 1948-2007.
245 10 - TITLE STATEMENT
Title Bob Woolmer's art and science of cricket /
Statement of responsibility, etc [Bob Woolmer, Tim Noakes ; with Helen Moffett ; with a foreword by Richie Benaud].
246 30 - VARYING FORM OF TITLE
Title proper/short title Art and science of cricket
260 ## - PUBLICATION, DISTRIBUTION, ETC. (IMPRINT)
Place of publication, distribution, etc Cape Town :
Name of publisher, distributor, etc Struik ;
Place of publication, distribution, etc London :
Name of publisher, distributor, etc New Holland [distributor],
Date of publication, distribution, etc c2008.
300 ## - PHYSICAL DESCRIPTION
Pagination 655 p. :
Other physical details ill. (some col.) ;
Dimensions 26 cm.
504 ## - BIBLIOGRAPHY, ETC. NOTE
Bibliography, etc Includes bibliographical references (p. 643-648) and index.
650 #0 - SUBJECT ADDED ENTRY--TOPICAL TERM
Topical term or geographic name as entry element Cricket
General subdivision Coaching.
700 1# - ADDED ENTRY--PERSONAL NAME
Personal name Noakes, Timothy,
Dates associated with a name 1949-
700 1# - ADDED ENTRY--PERSONAL NAME
Personal name Moffett, Helen.
942 ## - ADDED ENTRY ELEMENTS (KOHA)
Source of classification or shelving scheme Dewey Decimal Classification
Koha item type Books
Holdings
Source of classification or shelving scheme Damaged status Not for loan Home library Current library Shelving location Date of accession Total Checkouts Full call number Barcode Date last seen Date checked out Copy number Method of acquisition Koha item type
Dewey Decimal Classification   Not For Loan JCC Rouf Library JCC Rouf Library General Stacks 04/03/2018 1 796.358 WOO 2008 13384 02/07/2024 02/07/2024 C-1 Purchase Books

JCC Library | Contacts | JCC Home

Last Update on 23 September 2017
Copyright @ 2017-2020 JCC Rouf Library
Rouf Library, Jhenidah Cadet College (JCC), Bangladesh